000 00821cam a2200241 i 4500
001 4613239
005 19850506000000.0
008 771116s1978 enka b 001 0 eng
010 _a 77030332
020 _a0080221203
040 _aDLC
_cDLC
_dDLC
050 0 0 _aTJ163.5.B84
_bO23 1978
082 0 0 _a696
_222
_bCAL
100 1 _aO'Callaghan, Paul W.
_96345
245 1 0 _aBuilding for energy conservation /
_cP. W. O'Callaghan.
260 _aOxford [Eng.] ;
_aNew York :
_bPergamon Press,
_c1978.
300 _axvi, 232 p. :
_bill. ;
_c26 cm.
500 _aIncludes index.
504 _aBibliography: p. 220-221.
650 0 _aBuildings
_xEnergy conservation.
_96346
942 _2ddc
_cBB
999 _c11877
_d11877